| 000 | 00808nam0a22002413 4500 | ||
|---|---|---|---|
| 001 | RU\NLR\BIBL_A\022447508 | ||
| 005 | 20250809152612.0 | ||
| 035 | _a(NLR Aleph) 022447508 | ||
| 090 |
_a83043 _c83043 |
||
| 100 | _a20250206d1943 u y0rusy50 ca | ||
| 101 | 0 | _aarm | |
| 102 | _aAM | ||
| 105 | _ac z 000yy | ||
| 200 | 1 |
_aԼենինգրադը դեկտեմբերին _fՆիկ. Տիխոնով |
|
| 210 |
_aԵրեվան _cՀայպետհրատ _d1943 |
||
| 215 |
_a19,[1] с. _d13 |
||
| 541 | 1 |
_6z01790 _aЛенинград в декабре _zrus |
|
| 700 | 1 |
_aՏիխոնով _bՆիկ. _4700 |
|
| 790 | 1 |
_6z01541 _aТихонов _bНик. _f1896-1979 _gНиколай Семёнович _4700 |
|
| 942 | _cBOOK | ||
| 945 | _aРоссийская национальная библиотека | ||
| 980 | _aBV | ||